Pio XII: o papa amigo do Portugal de Salazar
| Main Author: | |
|---|---|
| Format: | Print Book |
| Language: | Portuguese |
| Subito Delivery Service: | Order now. |
| Check availability: | HBZ Gateway |
| WorldCat: | WorldCat |
| Interlibrary Loan: | Interlibrary Loan for the Fachinformationsdienste (Specialized Information Services in Germany) |
| Published: |
Alfragide, Portugal
Casa das Letras
2022
|
| In: | Year: 2022 |
| Edition: | 1.a edição |
| Standardized Subjects / Keyword chains: | B
Pius XII Pope 1876-1958
|
| Further subjects: | B
Portugal
Foreign relations
Catholic Church
B Pius XII Pope (1876-1958) B Catholic Church Foreign relations (Portugal) B Biography |
| Online Access: |
Inhaltsbeschreibung Table of Contents |
MARC
| LEADER | 00000cam a2200000 c 4500 | ||
|---|---|---|---|
| 001 | 1794938125 | ||
| 003 | DE-627 | ||
| 005 | 20251226201346.0 | ||
| 007 | tu | ||
| 008 | 220307s2022 po ||||| 00| ||por c | ||
| 020 | |a 9789896613556 |c : (30.00 EUR) |9 978-989-661-355-6 | ||
| 035 | |a (DE-627)1794938125 | ||
| 035 | |a (DE-599)KXP1794938125 | ||
| 035 | |a (OCoLC)1308826901 | ||
| 035 | |a (ZDB-21-EIL)5166541 | ||
| 040 | |a DE-627 |b ger |c DE-627 |e rda | ||
| 041 | |a por | ||
| 044 | |c XA-PT | ||
| 050 | 0 | |a BX | |
| 050 | 0 | |a BX1378 | |
| 082 | 0 | |a 282 | |
| 084 | |a ROM |q DE-18 |2 fid | ||
| 084 | |a 11.54 |2 bkl | ||
| 100 | 1 | |e VerfasserIn |0 (DE-588)140247793 |0 (DE-627)61696269X |0 (DE-576)311227961 |4 aut |a Carvalho, José |d 1979- | |
| 109 | |a Carvalho, José 1979- |a Carvalho, José de 1979- |a Carvalho, José António Ribeiro de 1979- |a Ribeiro de Carvalho, José António 1979- | ||
| 245 | 1 | 0 | |a Pio XII |b o papa amigo do Portugal de Salazar |c José de Carvalho ; prefácio de Dom Duarte Pio de Bragança |
| 250 | |a 1.a edição | ||
| 264 | 1 | |a Alfragide, Portugal |b Casa das Letras |c 2022 | |
| 300 | |a 479 Seiten |b Illustrationen |c 24 cm | ||
| 336 | |a Text |b txt |2 rdacontent | ||
| 337 | |a ohne Hilfsmittel zu benutzen |b n |2 rdamedia | ||
| 338 | |a Band |b nc |2 rdacarrier | ||
| 500 | |a Eugenio Pacelli (1876-1958), Pope Pius XII | ||
| 600 | 1 | 0 | |a Pius |b XII |c Pope |d 1876-1958 |2 DLC |
| 601 | |a Portugal | ||
| 610 | 1 | 0 | |a Catholic Church |x Foreign relations |z Portugal |2 DLC |
| 651 | 0 | |a Portugal |x Foreign relations |x Catholic Church |2 DLC | |
| 655 | 7 | |a Biografie |0 (DE-588)4006804-3 |0 (DE-627)104213493 |0 (DE-576)208867147 |2 gnd-content | |
| 689 | 0 | 0 | |d p |0 (DE-588)118594753 |0 (DE-627)139152261 |0 (DE-576)209068442 |2 gnd |a Pius |b XII. |c Papst |d 1876-1958 |
| 689 | 0 | |5 (DE-627) | |
| 856 | 4 | 2 | |u https://www.gbv.de/dms/sub-hamburg/1794938125.pdf |m V:DE-601 |m B:DE-18 |q pdf/application |3 Inhaltsverzeichnis |7 1 |
| 856 | 4 | 2 | |u https://www.leyaonline.com/pt/livros/biografias-memorias/pio-xii/ |q application |y Inhaltsbeschreibung |7 1 |
| 935 | |a mteo | ||
| 936 | b | k | |a 11.54 |j Katholizismus |q DA-3 |0 (DE-627)106402668 |
| 951 | |a BO | ||
| ELC | |b 1 | ||
| LOK | |0 000 xxxxxcx a22 zn 4500 | ||
| LOK | |0 001 4228617875 | ||
| LOK | |0 003 DE-627 | ||
| LOK | |0 004 1794938125 | ||
| LOK | |0 005 20221208231804 | ||
| LOK | |0 008 220701||||||||||||||||ger||||||| | ||
| LOK | |0 040 |a DE-Tue135 |c DE-627 |d DE-Tue135 | ||
| LOK | |0 092 |o n | ||
| LOK | |0 852 |a DE-Tue135 | ||
| LOK | |0 852 1 |9 00 | ||
| LOK | |0 935 |a ixbt | ||
| LOK | |0 939 |a 01-07-22 |b l01 | ||
| ORI | |a SA-MARC-ixtheoa001.raw | ||
| STA | 0 | 0 | |a Portugal,Portugal,Lusitania,Southern Portugal |
| SYF | 0 | 0 | |a Lusitanien,Lusitania,República Portuguesa,Reino Portugal,Portugiesische Republik,Republica Portuguesa,République Portugaise |
| SYG | 0 | 0 | |a Pacelli, Eugen,1876-1958,Pacelli, Eugenio,1876-1958,P. Pacifius,1876-1958,Pacelli, Eugenio M.,1876-1958,Pacelli, Eugenio Maria Giuseppe Giovanni,1876-1958,Pie,XII.,Pape,1876-1958,Pius,XII.,Pope,1876-1958,Pius,XII.,Papa,1876-1958,Pius,XII,Papst,1876-1958,Pius,XII,Pape,1876-1958,Pius,XII,Pope,1876-1958,Pie,XII,Pope,1876-1958,Pio,XII,Pape,1876-1958,Pio,XII,Pope,1876-1958,Pius,XII,Papa,1876-1958,Pius,12,Papa,1876-1958,Papst Pius XII.,1876-1958,Pie,XII,Pape,1876-1958,Pio,XII,Papa,1876-1958,Pius,12,Papst,1876-1958,Pius,Papa, XII.,1876-1958,Pie,XII,Papst,1876-1958,Pio,XII,Papst,1876-1958,Pius,12,Papst,1876-1958 |